Dictionary of Pharmacy (Record no. 8260)

MARC details
000 -LEADER
fixed length control field 00320nam a2200133Ia 4500
008 - FIXED-LENGTH DATA ELEMENTS--GENERAL INFORMATION
fixed length control field 191201s2017 xx 000 0 und d
082 ## - DEWEY DECIMAL CLASSIFICATION NUMBER
Classification number 615.103 ALD
100 ## - MAIN ENTRY--PERSONAL NAME
Personal name MOHAMMED, Ali
245 #0 - TITLE STATEMENT
Title Dictionary of Pharmacy
260 ## - PUBLICATION, DISTRIBUTION, ETC. (IMPRINT)
Name of publisher, distributor, etc Tara Pub.
Place of publication, distribution, etc New Delhi
Date of publication, distribution, etc 2017
300 ## - PHYSICAL DESCRIPTION
Extent 464
650 ## - SUBJECT ADDED ENTRY--TOPICAL TERM
Topical term or geographic name as entry element Miscellaneous
942 ## - ADDED ENTRY ELEMENTS (KOHA)
Source of classification or shelving scheme Dewey Decimal Classification
Koha item type Text Books
Holdings
Withdrawn status Lost status Source of classification or shelving scheme Damaged status Not for loan Collection code Home library Current library Shelving location Date acquired Source of acquisition Cost, normal purchase price Bill Number Total Checkouts Full call number Acc. no. / Barcode Date last seen Actual Cost, discounted price Bill Date Koha item type Checked out Date last borrowed
    Dewey Decimal Classification     Diploma in Pharmacy PIET C-LIBRARY PIET C-LIBRARY Ref. Sec. R02 25/03/2019 Kirti Prakashan 250.00 IN 3105   615.103 ALD DP251 04/12/2019 167.50 12/03/2019 Reference Books    
    Dewey Decimal Classification     Diploma in Pharmacy PIET C-LIBRARY PIET C-LIBRARY Ref. Sec. R02 25/03/2019 Kirti Prakashan 250.00 IN 3105   615.103 ALD DP252 04/12/2019 167.50 12/03/2019 Reference Books    
    Dewey Decimal Classification     Diploma in Pharmacy PIET C-LIBRARY PIET C-LIBRARY Ref. Sec. R02 25/03/2019 Kirti Prakashan 250.00 IN 3105 1 615.103 ALD DP253 08/10/2021 167.50 12/03/2019 Text Books 22/10/2021 08/10/2021

Design & Developed by: PIET Central Library
R70 Miles Stone Pattikalyana Samalkha Panipat 132102
mail ID :- [email protected], Phone No:- 0180-2569700 Ex.216